Multicomponent polymer materials / (Record no. 5812)
[ view plain ]
| 000 -LEADER | |
|---|---|
| fixed length control field | 01278nam a2200301 4500 |
| 001 - CONTROL NUMBER | |
| control field | 970565 |
| 005 - DATE AND TIME OF LATEST TRANSACTION | |
| control field | 20150901103936.0 |
| 008 - FIXED-LENGTH DATA ELEMENTS--GENERAL INFORMATION | |
| fixed length control field | 000 |
| 010 ## - LIBRARY OF CONGRESS CONTROL NUMBER | |
| LC control number | 85020475 |
| 020 ## - INTERNATIONAL STANDARD BOOK NUMBER | |
| International Standard Book Number | 0841208999 |
| 040 ## - CATALOGING SOURCE | |
| Original cataloging agency | UOEL |
| Transcribing agency | DLC |
| Modifying agency | DLC |
| 050 00 - LIBRARY OF CONGRESS CALL NUMBER | |
| Classification number | QD1 |
| Item number | .A355 no. 211 |
| Classification number | TP1105 |
| 082 00 - DEWEY DECIMAL CLASSIFICATION NUMBER | |
| Classification number | 540 s |
| -- | 668.9 |
| Edition number | 19 |
| 245 00 - TITLE STATEMENT | |
| Title | Multicomponent polymer materials / |
| Statement of responsibility, etc | D.R. Paul, editor, L.H. Sperling, editor. |
| 260 ## - PUBLICATION, DISTRIBUTION, ETC. (IMPRINT) | |
| Place of publication, distribution, etc | Washington, DC : |
| Name of publisher, distributor, etc | American Chemical Society, |
| Date of publication, distribution, etc | 1986. |
| 300 ## - PHYSICAL DESCRIPTION | |
| Extent | xii, 354 p. : |
| Other physical details | ill. ; |
| Dimensions | 24 cm. |
| 440 #0 - SERIES STATEMENT/ADDED ENTRY--TITLE | |
| Title | Advances in chemistry series, |
| International Standard Serial Number | 0065-2393 ; |
| Volume number/sequential designation | 211 |
| 500 ## - GENERAL NOTE | |
| General note | "Developed from a symposium sponsored by the Division of Polymeric Materials, Science and Engineering, at the 188th Meeting of the American Chemical Society, Philadelphia, Pennsylvania, August 26-31, 1984." |
| 504 ## - BIBLIOGRAPHY, ETC. NOTE | |
| Bibliography, etc | Includes bibliographies and indexes. |
| 650 #0 - SUBJECT ADDED ENTRY--TOPICAL TERM | |
| Topical term or geographic name as entry element | Polymers |
| General subdivision | Chemistry |
| Source of heading or term | Congresses |
| Topical term or geographic name as entry element | Plastics |
| General subdivision | Congresses. |
| 700 1# - ADDED ENTRY--PERSONAL NAME | |
| Personal name | Paul, Donald R. |
| Personal name | Sperling, L. H. |
| Fuller form of name | (Leslie Howard), |
| Dates associated with a name | 1932- |
| 710 2# - ADDED ENTRY--CORPORATE NAME | |
| Corporate name or jurisdiction name as entry element | American Chemical Society. |
| Subordinate unit | Meeting |
| Number of part/section/meeting | (188th : |
| Date of meeting or treaty signing | 1984 : |
| Location of meeting | Philadelphia, Pa.) |
| Corporate name or jurisdiction name as entry element | American Chemical Society. |
| Subordinate unit | Division of Polymeric Materials: Science and Engineering. |
| 906 ## - LOCAL DATA ELEMENT F, LDF (RLIN) | |
| a | 7 |
| b | cbc |
| c | orignew |
| d | 1 |
| e | ocip |
| f | 19 |
| g | y-gencatlg |
| 942 ## - ADDED ENTRY ELEMENTS (KOHA) | |
| Source of classification or shelving scheme | Library of Congress Classification |
| Item type | Loan - Normal on open shelf |
| Withdrawn status | Lost status | Source of classification or shelving scheme | Damaged status | Not for loan | Home library | Current library | Shelving location | Date acquired | Total Checkouts | Full call number | Barcode | Date last seen | Copy number | Price effective from | Koha item type |
|---|---|---|---|---|---|---|---|---|---|---|---|---|---|---|---|
| Library of Congress Classification | UOE Main Library | UOE Main Library | Open shelf | 20/04/2015 | TP1105.M84 | 10043685 | 20/04/2015 | 10043685 | 20/04/2015 | Loan - Normal on open shelf | |||||
| Library of Congress Classification | UOE Main Library | UOE Main Library | Open shelf | 20/04/2015 | QD1 .A355 no. 211 | 10043686 | 27/04/2026 | 10043686 | 20/04/2015 | Loan - Normal on open shelf | |||||
| Library of Congress Classification | UOE Main Library | UOE Main Library | Open shelf | 20/04/2015 | QD1 .A355 no. 211 | 10043670 | 27/04/2026 | 10043670 | 20/04/2015 | Loan - Normal on open shelf | |||||
| Library of Congress Classification | UOE Main Library | UOE Main Library | Open shelf | 20/04/2015 | QD1 .A355 no. 211 | 10043687 | 27/04/2026 | 10043687 | 20/04/2015 | Loan - Normal on open shelf | |||||
| Library of Congress Classification | UOE Main Library | UOE Main Library | Open shelf | 20/04/2015 | QD1 .A355 no. 211 | 10043669 | 27/04/2026 | 10043669 | 20/04/2015 | Loan - Normal on open shelf |
